LEADER 01476nam 2200409 450 001 9910375859403321 005 20180829152335.0 035 $a(CKB)4100000004910006 035 $a(WaSeSS)IndRDA00103966 035 $a(EXLCZ)994100000004910006 100 $a20180829d2017 uy 0 101 0 $aeng 135 $aur||||||||||| 181 $ctxt$2rdacontent 182 $cc$2rdamedia 183 $acr$2rdacarrier 200 00$aIEEA 2017 $eproceedings of 2017 the 6th International Conference on Informatics, Environment, Energy and Applications : Jeju, Republic of Korea, March 29-31, 2017 /$fsponsor, ACM 210 1$aNew York :$cACM,$d2017. 215 $a1 online resource (122 pages) 311 $a1-4503-5230-8 517 1 $aInformatics, Environment, Energy and Applications 2017 517 1 $aProceedings of the 6th International Conference on Informatics, Environment, Energy and Applications 606 $aComputer science$vCongresses 606 $aEnvironmental monitoring$xData processing$vCongresses 606 $aPower resources$xData processing$vCongresses 608 $aElectronic books. 615 0$aComputer science 615 0$aEnvironmental monitoring$xData processing 615 0$aPower resources$xData processing 676 $a004 712 02$aAssociation for Computing Machinery, 801 0$bWaSeSS 801 1$bWaSeSS 906 $aBOOK 912 $a9910375859403321 996 $aIEEA 2017$91912600 997 $aUNINA